| 000 | 00000cam 2200000zi 4500 |
| 001 | 9.916661 |
| 003 | CaOODSP |
| 005 | 20260514074841 |
| 006 | m o d f |
| 007 | cr mn||||||||| |
| 008 | 221027t20222022onca ob f000 0 fre d |
| 040 | |aCaOODSP|bfre|erda|cCaOODSP |
| 043 | |an-cn--- |
| 086 | 1 |aP29-003-140-001-2022F-PDF |
| 245 | 00|aMéthodes d'essai des produits pétroliers et produits connexes : |bessai d'écoulement à basse température (EÉBT) des combustibles diesels. |
| 264 | 1|aOttawa (Ontario) : |bOffice des normes générales du Canada : |bConseil canadien des normes, |c2022. |
| 264 | 4|c©2022 |
| 300 | |a1 ressource en ligne (11 pages) : |billustrations. |
| 336 | |atexte|btxt|2rdacontent/fre |
| 337 | |ainformatique|bc|2rdamedia/fre |
| 338 | |aressource en ligne|bcr|2rdacarrier/fre |
| 490 | 1 |aNorme nationale du Canada ; |vCAN/CGSB-3.0 Nº 140.1-2022 |
| 500 | |a« Publiée en octobre 2022. » |
| 500 | |a« Expérience et excellence » -- Couverture. |
| 500 | |aRemplace CAN/CGSB-3.0 Nº 140.1-2017 |
| 500 | |aPublié aussi en anglais sous le titre: Methods of testing petroleum and associated products : low temperature flow test (LTFT) for diesel fuels. |
| 500 | |a«Le Conseil canadien des normes a accordé une prolongation de deux ans de la date limite de mise à jour de cette norme, la repoussant du 26 octobre 2027 au 26 octobre 2029» -- énoncé fourni par l’Office des normes générales du Canada (2026-05-13). |
| 504 | |aComprend des références bibliographiques. |
| 520 | |a« La présente méthode permet de déterminer la tendance des combustibles diesels à colmater les filtres à basse température généralement en raison de la formation de cristaux de cire » -- Objet, page 1. |
| 650 | 6|aCarburants diesel|zCanada|xEssais. |
| 650 | 6|aCarburants diesel|xNormes|zCanada. |
| 710 | 2 |aOffice des normes générales du Canada, |eorganisme de publication. |
| 710 | 2 |aConseil canadien des normes, |eorganisme de publication. |
| 775 | 08|tMethods of testing petroleum and associated products : |w(CaOODSP)9.916658 |
| 795 | |tMéthodes d’essai des produits pétroliers et produits connexes |b2017|w(CaOODSP)9.845384 |
| 830 | #0|aNorme nationale du Canada ;|vCAN/CGSB-3.0 Nº 140.1-2022.|w(CaOODSP)9.504227 |
| 856 | 40|qPDF|s1.01 Mo|uhttps://publications.gc.ca/collections/collection_2022/ongc-cgsb/P29-003-140-001-2022-fra.pdf |
| 986 | |aICS 71.040.50 |